Descriptive physical oceanography. An introduction

Salvato in:
Dettagli Bibliografici
Autore principale: Pickard, George Lawson (Autore)
Natura: Libro
Lingua:inglese
Pubblicazione: Oxford, England Butterworth Heinemann, 1990
Edizione:5th.edition
Soggetti:
Accesso online:Disponible Online
Tags: Aggiungi Tag
Nessun Tag, puoi essere il primo ad aggiungerne!!

MARC

LEADER 00000nam a2200000 a 4500
001 UCN5185
003 CL-VaPUC
005 20210814001308.0
008 010824e19900000UK |||||||||||||||||eng|d
999 |c 296842  |d 296840 
040 |c Pontificia Universidad Católica de Valparaíso 
082 0 4 |a 551.46 PIC 1990  |2 21 
100 |a Pickard, George Lawson  |e author  |9 461185 
245 1 0 |a Descriptive physical oceanography.  |b An introduction 
250 |a 5th.edition 
260 |a Oxford, England  |b Butterworth Heinemann,  |c 1990 
300 |a 320 páginas  
583 |a last modification  |c 20010824 00:00:00  |k Rodrigo Vera 
650 0 |a Oceanografía  |9 260014 
650 0 |a Geofísica marina   |2 CL-VaPUC  |9 261756 
650 0 |a Geología marina   |2 CL-VaPUC  |9 350527 
650 0 |a Océanos   |9 344473 
650 0 |a Oceanografía física  |2 CL-VaPUC  |9 339696 
650 0 |a Masas de agua  |2 CL-VaPUC  |9 461186 
650 0 |a Propiedades del agua  |2 CL-VaPUC  |9 354576 
856 |u http://bibliografiadigital.pucv.cl.pucv.idm.oclc.org/index.php/bibliotecapucv/catalog/book/652  |y Disponible Online  
942 |c BK  |2 ddc 
945 |d 20010824 00:00:00  |a vberengu 
952 |0 0  |1 0  |2 ddc  |4 0  |6 551_460000000000000_PIC_1990  |7 0  |8 A  |9 351039  |a BIBCUR  |b BIBCUR  |d 2019-11-20  |i 3749673  |l 3  |o 551.46 PIC 1990  |p 3749673  |r 2025-04-22  |s 2022-07-18  |w 2019-11-20  |y BK  |k RNT